| 000 | 00511nam a22001697a 4500 | ||
|---|---|---|---|
| 005 | 20231031093030.0 | ||
| 008 | 160113b xxu||||| |||| 00| 0 eng d | ||
| 040 | _aLoreto College | ||
| 041 | _aEnglish | ||
| 082 |
_a759.5 _bMIC-SAL |
||
| 100 |
_aSalinger, Margaretta _qMargaretta Salinger |
||
| 245 |
_aMichellangelo (1475-1564) _b:the last judgement _cMargaretta Salinger |
||
| 260 |
_aNew York _bHarry N Abrams _c1954 |
||
| 650 | _aHistorical, geographic, persons treatment | ||
| 850 | _aLCLIB | ||
| 942 | _cBK | ||
| 999 |
_c40277 _d90756 |
||